Finančná kríza alebo kríza finančného systému?

Rozvoj finančnej krízy. Dopad finančnej krízy na ekonomiku. Postavenie Slovenska v prostredí finančnej krízy. Kríza finančného systému. Charakteristika problémov, ktoré postupne oslabovali odolnosť finančného systému.

Salvato in:
Dettagli Bibliografici
Autore principale: Vlachynský, Karol
Natura: Capitolo di libro
Lingua:slovacco
Soggetti:
Tags: Aggiungi Tag
Nessun Tag, puoi essere il primo ad aggiungerne!!

MARC

LEADER 00000naa$a2200000$$$4500
001 0088685
005 20240502072007.5
041 0 |a slo 
044 |a SK 
245 1 0 |a Finančná kríza alebo kríza finančného systému?  |c Karol Vlachynský 
520 |a Rozvoj finančnej krízy. Dopad finančnej krízy na ekonomiku. Postavenie Slovenska v prostredí finančnej krízy. Kríza finančného systému. Charakteristika problémov, ktoré postupne oslabovali odolnosť finančného systému. 
610 2 0 |a kríza finančná 
610 2 0 |a trh finančný 
610 2 0 |a trh hypotekárny 
610 2 0 |a banky 
610 2 0 |a obligácie 
610 2 0 |a úver bankový 
610 2 0 |a deriváty 
610 2 0 |a fondy finančné 
610 2 0 |a fondy investičné 
610 2 0 |a produkt domáci hrubý 
610 2 0 |a eurozóna 
610 2 0 |a svet 
100 1 |a Vlachynský, Karol